Indice téléphonique des pays d'europes - Statistiques

Statistiques générales
  • Ce quiz a été pris 11 fois
    7 depuis la dernière actualisation
  • Le résultat moyen est 14 sur 46
Statistiques - réponses
Hint Réponse % Correct
+33 France
100%
+34 Espagne
57%
+355 Albanie
43%
+32 Belgique
43%
+352 Luxembourg
43%
+351 Portugal
43%
+420 République Tchèque
43%
+44 Royaume-Uni
43%
+49 Allemagne
29%
+376 Andorre
29%
+43 Autriche
29%
+375 Biélorussie
29%
+387 Bosnie-Herzégovine
29%
+357 Chypre
29%
+45 Danemark
29%
+358 Finlande
29%
+350 Gibraltar
29%
+30 Grèce
29%
+36 Hongrie
29%
+353 Irlande
29%
+354 Islande
29%
+39 Italie
29%
+383 Kosovo
29%
+423 Liechtenstein
29%
+356 Malte
29%
+377 Monaco
29%
+47 Norvège
29%
+31 Pays-bas
29%
+48 Pologne
29%
+40 Roumanie
29%
+7 Russie
29%
+378 Saint-Marin
29%
+381 Serbie
29%
+421 Slovaquie
29%
+46 Suède
29%
+380 Ukraine
29%
+379 Vatican
29%
+359 Bulgarie
14%
+385 Croatie
14%
+372 Estonie
14%
+371 Lettonie
14%
+370 Lituanie
14%
+389 Macédoine du Nord
14%
+373 Moldavie
14%
+382 Monténégro
14%
+386 Slovénie
14%
Aucun quiz correspondant
Distribution des résultats
% des personnes avec chaque résultat
Percentile par nombre de réponses
Votre historique - résultats
Vous n’avez pas pris ce quiz depuis la dernière actualisation